| 000 | 00799nab a2200253 4500 | ||
|---|---|---|---|
| 003 | BR-BrBNA | ||
| 005 | 20250224220407.0 | ||
| 008 | 250224b bl.||||| |||| 00| 0 por d | ||
| 040 |
_aBR-BrBNA _bpor |
||
| 072 |
_aE14 ; E71 _b1000 |
||
| 100 | _aGarcia, Ademerval | ||
| 245 |
_aTecnologia e competitividade _bArtigo |
||
| 500 | _a2 illus. | ||
| 650 | _aCITRICULTURA | ||
| 650 | _aDOENÇA DE PLANTA | ||
| 650 | _aPRAGA DE PLANTA | ||
| 650 | _aCOMBATE | ||
| 650 | _aPROFILAXIA | ||
| 650 | _aINOVAÇÃO TECNOLÓGICA | ||
| 650 | _aEXPORTAÇÃO | ||
| 773 | 0 |
_01706 _9347822 _dSão Paulo-SP Editora Três Ltda - E-mail: luizfsa@revistadinheiro.com.br 2004 _o2025-0323 _tDinheiro Rural (Brazil) _x1807-3700 _gv. 2(8) p. 90; (Jun 2005) _wBR2025000014 |
|
| 942 | _cANA | ||
| 999 |
_c330131 _d330131 |
||